Score 0/36 Timer 06:00
2 Plays Today
Actor/Actress Character % Correct
Miriam McDonaldEmma Nelson
95.3%
Cassie SteeleManny Santos
94.4%
Shane KippelGavin Mason
93.9%
Lauren CollinsPaige Michalchuk
91.7%
Aubrey GrahamJimmy Brooks
91.7%
Ryan CooleyJ.T. Yorke
91.6%
Adamo RuggieroMarco Del Rossi
90.4%
Stacy FarberEllie Nash
89.1%
Charlotte ArnoldHolly J Sinclair
88.1%
Jake EpsteinCraig Manning
87.8%
Nina DobrevMia Jones
87.4%
Shanae GrimesDarcy Edwards
86.7%
Raymond AblackSav Bhandari
85.7%
Sarah Barrable-TishauerLiberty Van Zandt
85.6%
Melinda ShankarAlli Bhandari
85.5%
Jamie JohnstonPeter Stone
84.8%
Jake GoldsbieToby Issacs
84.5%
Daniel ClarkSean Cameron
83.3%
Actor/Actress Character % Correct
Mike LobelJay Hogart
82%
Aislinn PaulClare Edwards
81.6%
Melissa McIntyreAshley Kerwin
81.5%
Paula BrancatiJane Vaughn
79.2%
Samantha MunroAnya MacPherson
79%
Sam EarleK.C. Guthrie
77.1%
Andrea LewisHazel Aden
74.1%
Argiris KarrasRiley Stavros
71.2%
Deanna CasaluceAlex Nunez
70.9%
Dalmar AbuzeidDanny Van Zandt
69.6%
Judy JiaoLeia Chang
66.2%
Scott PattersonJohnny DiMarco
60%
Jajube MandielaChantay Black
57.6%
Jordan HudymaBlue Chessex
57.2%
A.J. SaudinConner
55.2%
Marc DonatoDerek Haig
54.6%
Evan WilliamsKelly Ashoona
50.9%
Mazin ElsadigDamian Hayes
43.8%
Remove Ads.
Support Sporcle.
Get the best of Sporcle when you Go Orange. This ad-free experience offers more features, more stats, and more fun while also helping to support Sporcle. Thank you for becoming a member.

You're not logged in!

Compare scores with friends on all Sporcle quizzes.
OR
Log In

Show Comments

Extras

Top Quizzes Today


Score Distribution

Your Account Isn't Verified!

In order to create a playlist on Sporcle, you need to verify the email address you used during registration. Go to your Sporcle Settings to finish the process.

Report this User

Report this user for behavior that violates our Community Guidelines.

Details: